| 000 | 02293nam a22003617a 4500 | ||
|---|---|---|---|
| 001 | 100420 | ||
| 003 | KnowledgeUnlatched | ||
| 005 | 20210303105347.0 | ||
| 006 | m o d | ||
| 007 | cr u|||||||||| | ||
| 008 | 210129p20162017hiu o u00| u eng d | ||
| 035 | _a(OCoLC)964698883 | ||
| 037 | _5BiblioBoard | ||
| 245 | 0 | 4 |
_aThe History Problem _bThe Politics of War Commemoration in East Asia / _cHiro Saito. |
| 020 | _a9780824874391 | ||
| 029 | 1 | _ahttps://library.biblioboard.com/ext/api/media/cb5ce289-2e2d-460c-8a2e-04ccf32af973/assets/thumbnail.jpg | |
| 040 |
_aScCtBLL _cScCtBLL |
||
| 100 | 1 |
_aSaito, Hiro _eauthor. |
|
| 264 | 1 | _bUniversity of Hawai'i Press, | |
| 300 | _a1 online resource (290 p.) | ||
| 506 | 0 |
_aAccess copy available to the general public. _fUnrestricted _2star |
|
| 520 | _aSeventy years have passed since the end of the Asia-Pacific War, yet Japan remains embroiled in controversy with its neighbors over the war's commemoration. Among the many points of contention between Japan, China, and South Korea are interpretations of the Tokyo War Crimes Trial, apologies and compensation for foreign victims of Japanese aggression, prime ministerial visits to the Yasukuni Shrine, and the war's portrayal in textbooks. Collectively, these controversies have come to be called the history problem. But why has the problem become so intractable? Can it ever be resolved, and if so, how? To answer these questions, Hiro Saito mobilizes the sociology of collective memory and social movements, political theories of apology and reconciliation, psychological research on intergroup conflict, and philosophical reflections on memory and history. | ||
| 588 | 0 | _aDescription based on print version record. | |
| 590 | _aKU Select 2016 Front List Collection | ||
| 650 | 7 |
_aHistory / Asia _2bisacsh |
|
| 650 | 0 | _aHistory | |
| 655 | 0 | _aElectronic books. | |
| 758 |
_iIs found in: _aKnowledge Unlatched _1https://openresearchlibrary.org/module/2774bc74-146a-484f-a7ba-ab1d6a09bbfb |
||
| 856 | 4 | 0 |
_uhttps://openresearchlibrary.org/content/cb5ce289-2e2d-460c-8a2e-04ccf32af973 _zView this content on Open Research Library. _70 |
| 999 |
_c34231 _d34231 |
||